|
|
|
|
| LEADER |
00890nam a2200229 u 4500 |
| 001 |
10111042 |
| 003 |
upatras |
| 005 |
20210117204823.0 |
| 008 |
131224s1998 gr gre |
| 020 |
|
|
|a 9607786092
|
| 040 |
|
|
|a GR-PaULI
|c GR-PaULI
|
| 041 |
0 |
|
|a gre
|
| 082 |
1 |
4 |
|a 889.134
|2 23
|
| 100 |
1 |
|
|9 36180
|a Νικηφόρου, Τόλης,
|d 1938-
|
| 245 |
1 |
0 |
|a Χώμα στον ουρανό
|b ποιήματα
|c Τόλης Νικηφόρου
|
| 260 |
|
|
|a Θεσσαλονίκη
|b Νέα Πορεία
|c 1998
|
| 300 |
|
|
|a 43 σ.
|c 24 εκ.
|
| 852 |
|
|
|a GR-PaULI
|b ΠΑΤΡΑ
|b ΒΚΠ
|b ΒΣ2
|k ΑΣΧΕ
|h 889.134 ΝΙΚ
|m 116878
|p 025000234545
|t 1
|
| 942 |
|
|
|2 ddc
|c BK15
|
| 952 |
|
|
|0 0
|1 0
|4 0
|6 889_134000000000000_ΝΙΚ
|7 0
|9 159693
|a LISP
|b LISP
|c BSC
|d 2016-04-24
|i 116878
|l 0
|o 889.134 ΝΙΚ
|p 025000234545
|r 2016-04-24 00:00:00
|t 1
|w 2016-04-24
|y BK15
|
| 998 |
|
|
|c ΧΑΡΙΤΟΥ
|d 2013-12
|
| 999 |
|
|
|c 100639
|d 100639
|